Statistics for Former Districts of Ivory Coast with a Map

Click here to take the quiz!

General Stats

  • This quiz has been taken 140 times
  • The average score is 7 of 14

Answers on the Map

Answers color-coded by a green-red scale on the quiz's map according to % correct below.
 

Answer Stats

District% Correct
Abidjan
89%
Yamoussoukro
87%
Lacs
50%
Zanzan
49%
Lagunes
47%
Comoé
46%
Montagnes
46%
Bas-Sassandra
44%
Savanes
44%
Denguélé
41%
Vallée du Bandama
41%
Gôh-Djiboua
40%
Sassandra-Marahoué
40%
Woroba
40%

Score Distribution

Percentile by Number Answered

Percent of People with Each Score

Your Score History

You have not taken this quiz